Censo general de educación (Record no. 99416)

MARC details
000 -LEADER
campo de control de longitud fija 01314nam a2200277 i 4500
001 - NÚMERO DE CONTROL
campo de control 99416
003 - IDENTIFICADOR DE NÚMERO DE CONTROL
campo de control ES-MaACL
005 - FECHA Y HORA DE LA ÚLTIMA TRANSACCIÓN
campo de control 20251103121241.0
007 - CAMPO FIJO DE DESCRIPCIÓN FÍSICA--INFORMACIÓN GENERAL
campo de control de longitud fija t|
008 - DATOS DE LONGITUD FIJA--INFORMACIÓN GENERAL
campo de control de longitud fija 050908s1910 ag ||||1| spa d
080 ## - NÚMERO DE LA CLASIFICACIÓN DECIMAL UNIVERSAL
Número de la Clasificación Decimal Universal 37(82)(083.41)
100 1# - ENTRADA PRINCIPAL--NOMBRE DE PERSONA
Nombre de persona Martínez, Alberto B.
9 (RLIN) 77712
245 10 - MENCIÓN DEL TÍTULO
Título Censo general de educación
Resto del título : levantado el 23 de mayo de 1909 durante la presidencia del Dr. José Figueroa Alcorta siendo Ministro de Justicia e Instrucción Pública el Dr. Rómulo S. Naón /
Mención de responsabilidad, etc. por Alberto B. Martínez.
260 ## - PUBLICACIÓN, DISTRIBUCIÓN, ETC.
Lugar de publicación, distribución, etc. Buenos Aires :
Nombre del editor, distribuidor, etc. Oficina Meteorológica Argentina,
Fecha de publicación, distribución, etc. 1910.
300 ## - DESCRIPCIÓN FÍSICA
Extensión 3 v. :
Otras características físicas il. ;
Dimensiones 27 cm.
505 8# - NOTA DE CONTENIDO CON FORMATO
Nota de contenido con formato Contiene: t. 1. Población escolar (XLIII, 448 p.) -- t. 2. Estadística escolar (LXXI, 343 p.) -- t. 3. Monografías (702 p.)
530 ## - NOTA DISPONIBLE DE FORMULARIO FÍSICO ADICIONAL
Nota de formato físico adicional disponible Disponible también en sitio web.
594 ## - Nota al título y mención de responsabilidad
Nota al título y mención de responsabilidad Precede al título: República Argentina.
610 2# - PUNTO DE ACCESO ADICIONAL DE MATERIA--NOMBRE DE ENTIDAD CORPORATIVA
Nombre de entidad corporativa o nombre de jurisdicción como elemento de entrada Universidad Nacional de La Plata.
9 (RLIN) 7422
650 #4 - PUNTO DE ACCESO ADICIONAL DE MATERIA--TÉRMINO DE MATERIA
Término de materia o nombre geográfico como elemento de entrada Enseñanza-
Subdivisión geográfica Argentina-
Subdivisión de forma Estadísticas.
9 (RLIN) 149143
852 ## - LOCALIZACIÓN
Ubicación ES-MaACL
Número de control de estantería G-6579-82
Ubicación en estantería Depósito 2
condición física + 1 sobre con (La Universidad de La Plata y sus anexos 6 hojas plegadas de fotos)
852 ## - LOCALIZACIÓN
Ubicación ES-MaACL
Número de control de estantería C-13358-60
Ubicación en estantería Sala Palomar
856 4# - LOCALIZACIÓN Y ACCESO ELECTRÓNICOS
Identificador Uniforme de Recursos <a href="http://bdh-rd.bne.es/viewer.vm?id=0000008555&page=1">http://bdh-rd.bne.es/viewer.vm?id=0000008555&page=1</a>
Texto de enlace Ir a la página
942 ## - ELEMENTOS DE ENTRADA SECUNDARIOS (KOHA)
Fuente del sistema de clasificación o colocación Clasificación decimal universal
Holdings
Estatus retirado Estado de pérdida Estado de daño No para préstamo Colección Biblioteca de origen Biblioteca actual Ubicación en estantería Fecha de adquisición Fuente de adquisición Total de préstamos Signatura topográfica completa Código de barras Visto por última vez Precio de reemplazo Tipo de ítem Koha
        Colección digital Biblioteca del Ateneo de Madrid Biblioteca del Ateneo de Madrid Depósito 2 17/01/2008     G-6579-83 1103808 23/02/2023 23/02/2023 Libro impreso
        Colección digital Biblioteca del Ateneo de Madrid Biblioteca del Ateneo de Madrid Sala Palomar 20/01/2012     C-13358-60 1188854 23/02/2023 23/02/2023 Libro impreso